01073cam a22002414a 450000500170000002000320001704000350004908200150008410000200009924500630011926000330018230000270021550400510024252002680029354600090056165000340057065000340060465000280063870000190066694200070068599900170069295201220070920250926100947.0 a9781138258365cTZS 107000/= aMCCLbeng.eAACR 2nd. rev. ed.00a345.01 SIM1 aSimbeye, Yitiha10aImmunity and international criminal law /cYitiha Simbeye. aNew York :bAshgate,cc2004. aviii, 173 p. ;c24 cm. aIncludes bibliographical references and index. aThis groundbreaking debates the issues raised by international crimes. It highlights the two competing international law needs that must be addressed in this situation: the pursuit of international justice and the maintenance of international peace and security.  aeng. 0aInternational criminal court. 0aImmunities of foreign states. 0aCriminal jurisdiction.  aSimbeye,Yitiha cBK c11230d11230 00104070aMU002bMU002d2021-09-10eElite Book Storel0o345.01 SIMp001879r2025-09-26 10:11:17t1w2025-09-26yBK